<?xml version="1.0" encoding="UTF-8"?>
<collection xmlns="http://www.loc.gov/MARC21/slim">
 <record>
  <leader>01264nam a2200313 a 4500</leader>
  <controlfield tag="001">1895405</controlfield>
  <controlfield tag="008">100613s1986    nyu      b    001 0aeng d</controlfield>
  <datafield tag="010" ind1=" " ind2=" ">
   <subfield code="a">\\\84003999 </subfield>
  </datafield>
  <datafield tag="020" ind1=" " ind2=" ">
   <subfield code="a">0393017370</subfield>
  </datafield>
  <datafield tag="020" ind1=" " ind2=" ">
   <subfield code="a">0393952940 (pbk.)</subfield>
  </datafield>
  <datafield tag="040" ind1=" " ind2=" ">
   <subfield code="a">DLC</subfield>
   <subfield code="c">DLC</subfield>
   <subfield code="d">DLC</subfield>
   <subfield code="d">BD-DhAAL</subfield>
  </datafield>
  <datafield tag="082" ind1="0" ind2="0">
   <subfield code="a">973.3/092/4</subfield>
   <subfield code="a">B</subfield>
   <subfield code="2">19</subfield>
  </datafield>
  <datafield tag="100" ind1="1" ind2=" ">
   <subfield code="a">Franklin, Benjamin,</subfield>
   <subfield code="d">1706-1790.</subfield>
  </datafield>
  <datafield tag="240" ind1="1" ind2="0">
   <subfield code="a">Autobiography</subfield>
  </datafield>
  <datafield tag="245" ind1="1" ind2="0">
   <subfield code="a">Benjamin Franklin's autobiography :</subfield>
   <subfield code="b">an authoritative text, backgrounds, criticism /</subfield>
   <subfield code="c">edited by J.A. Leo Lemay and P.M. Zall.</subfield>
  </datafield>
  <datafield tag="250" ind1=" " ind2=" ">
   <subfield code="a">1st ed.</subfield>
  </datafield>
  <datafield tag="260" ind1=" " ind2=" ">
   <subfield code="a">New York :</subfield>
   <subfield code="b">Norton,</subfield>
   <subfield code="c">c1986.</subfield>
  </datafield>
  <datafield tag="300" ind1=" " ind2=" ">
   <subfield code="a">xxi, 391 p. ;</subfield>
   <subfield code="c">21 cm.</subfield>
  </datafield>
  <datafield tag="490" ind1="0" ind2=" ">
   <subfield code="a">A Norton critical edition</subfield>
  </datafield>
  <datafield tag="504" ind1=" " ind2=" ">
   <subfield code="a">Includes bibliographical references (p. 361-374) and index.</subfield>
  </datafield>
  <datafield tag="541" ind1="1" ind2=" ">
   <subfield code="e">0020373</subfield>
  </datafield>
  <datafield tag="600" ind1="1" ind2="0">
   <subfield code="a">Franklin, Benjamin,</subfield>
   <subfield code="d">1706-1790.</subfield>
  </datafield>
  <datafield tag="650" ind1=" " ind2="0">
   <subfield code="a">Statesmen</subfield>
   <subfield code="z">United States</subfield>
   <subfield code="x">Biography.</subfield>
  </datafield>
  <datafield tag="700" ind1="1" ind2=" ">
   <subfield code="a">Lemay, J. A. Leo</subfield>
   <subfield code="q">(Joseph A. Leo),</subfield>
   <subfield code="d">1935-</subfield>
  </datafield>
  <datafield tag="700" ind1="1" ind2=" ">
   <subfield code="a">Zall, Paul M.</subfield>
  </datafield>
  <datafield tag="740" ind1="0" ind2=" ">
   <subfield code="a">Autobiography.</subfield>
  </datafield>
  <datafield tag="852" ind1="4" ind2=" ">
   <subfield code="a">Ayesha Abed Library</subfield>
   <subfield code="j">General Shelf</subfield>
  </datafield>
  <datafield tag="999" ind1=" " ind2=" ">
   <subfield code="c">8913</subfield>
   <subfield code="d">8913</subfield>
  </datafield>
  <datafield tag="952" ind1=" " ind2=" ">
   <subfield code="0">0</subfield>
   <subfield code="1">0</subfield>
   <subfield code="2">ddc</subfield>
   <subfield code="4">0</subfield>
   <subfield code="6">973_309240000000000_FRA_1986</subfield>
   <subfield code="7">0</subfield>
   <subfield code="9">10908</subfield>
   <subfield code="a">BRACUL</subfield>
   <subfield code="b">BRACUL</subfield>
   <subfield code="c">GEN</subfield>
   <subfield code="d">2010-06-13</subfield>
   <subfield code="l">1</subfield>
   <subfield code="o">973.30924 FRA</subfield>
   <subfield code="p">3010020373</subfield>
   <subfield code="r">2014-05-14</subfield>
   <subfield code="s">2013-02-25</subfield>
   <subfield code="t">1</subfield>
   <subfield code="w">2010-06-13</subfield>
   <subfield code="y">BK</subfield>
   <subfield code="x">Transferred from ENH to Ayesha Abed library on 20/12/2023</subfield>
  </datafield>
 </record>
</collection>
